Normal view
MARC view
Entry Personal Name
001 - CONTROL NUMBER
- control field: 243357
003 - CONTROL NUMBER IDENTIFIER
- control field: OSt
005 - DATE AND TIME OF LATEST TRANSACTION
- control field: 20220925173229.0
008 - FIXED-LENGTH DATA ELEMENTS
- fixed length control field: 220925|| aca||aabn | a|a d
040 ## - CATALOGING SOURCE
- Original cataloging agency: OSt
- Transcribing agency: OSt
100 ## - HEADING--PERSONAL NAME
- Personal name: Reeves D.D
670 ## - SOURCE DATA FOUND
- Source citation: Work cat.: (OSt)487456: Reeves D.D, Resorces for The Study Of Economic History, 1961
